Länder mit der kleinsten Penislänge - Statistiken

Allgemein
  • Dieses Quiz wurde 1.514 mal gespielt
  • Das Durchschnittsergebnis liegt bei 9 aus 21
Antwortstatistiken
Antwort % Korrekt
China
95%
Thailand
69%
Vietnam
66%
Indonesien
59%
Kambodscha
54%
Mongolei
50%
Philippinen
49%
Malaysia
46%
Pakistan
45%
Singapur
45%
Taiwan
44%
Iran
43%
Bangladesch
42%
Myanmar
42%
Turkei
41%
Sri Lanka
36%
Jemen
23%
Armenien
17%
Irland
15%
Vereinigtes Königreich
15%
Rumanien
13%
Keine übereinstimmenden Quizze gefunden
Verteilung der Resultate
Anzahl Personen mit jedem Resultat
Perzentil nach korrekt beantworteten Fragen
Ihre Resultats-Entwicklung
Sie haben dieses Quiz noch nicht gespielt